Sucesos eclesiásticos notablemente ocurridos en Santiago de Chile

Uloženo v:
Podrobná bibliografie
Hlavní autoři: Vicuña, Manuel (Autor), León XII (Autor), Elizalde, Fernando Antonio (Autor)
Korporace: Cabildo Eclesiástico de Santiago (Autor), Corte de Apelaciones de Santiago (Autor), Corte Suprema de Justicia (Autor), Cámara de Diputados (Autor)
Médium: Kniha
Jazyk:španělština
Vydáno: Santiago Imprenta de La Opinión 1830
Vydání:1a. ed
Témata:
Tagy: Přidat tag
Žádné tagy, Buďte první, kdo vytvoří štítek k tomuto záznamu!

MARC

LEADER 00000nam a2200000 a 4500
001 UCJ3827
003 CL-VaPUC
008 070124e18300000CL |||||||||||||||||spa|d
082 0 4 |a 983  |b VIC  |2 21 
100 0 |a Vicuña, Manuel  |e author  |9 506234 
700 0 |a León XII  |e author  |9 442480 
700 0 |a Elizalde, Fernando Antonio  |e author  |9 506235 
110 2 |a Cabildo Eclesiástico de Santiago  |e author  |9 506236 
710 2 |a Corte de Apelaciones de Santiago  |e author  |9 506237 
710 2 |a Corte Suprema de Justicia  |e author  |9 506238 
710 2 |a Cámara de Diputados  |e author  |9 506239 
245 1 0 |a Sucesos eclesiásticos notablemente ocurridos en Santiago de Chile 
246 1 0 |a Oficio del illmo. señor vicario apostólico al supremo gobierno en que demuestra su autoridad y jurisdicción sobre el cabildo eclesiástico y la facultad de nombrar vicario jeneral. Lo da a luz un amante de la verdad 
246 1 0 |a Breve del santísimo Padre León XII en que constituye vicario apostólico de esta diócesis al illmo. señor obispo de Ceram Dr. D. Manuel Vicuña 
246 1 0 |a Recurso de fuerza entablado por el V cabildo eclesiástico ante la exma. corte suprema por los procedimientos atentatorios y abuso de jurisdicción del R. vicario apostólico 
246 1 0 |a Vista del fiscal de la ilustrísima corte de apelaciones en la disputa del venerable cabildo eclesiástico con el ilustrísimo vicario apostólico 
246 1 0 |a Carta pastoral del illmo. señor Dr. D. Manuel Vicuña obispo de Ceram y vicario apostólico de Santiago de Chile a todos los eclesiásticos y fieles de la diócesis 
246 1 0 |a Proposición hecha en la cámara de diputados del congreso de Chile en 1831 por el diputado de la provincia de Lautaro Don Juan José Urive para el restablecimiento del seminario eclesiástico en esta capital 
246 1 0 |a Defensa de la vicaría apostólica a favor de la provincia de Cuyo concedida por nuestro santísimo Padre el Sr. León XII Pontífice máximo al dignísimo e ilustrísimo sr. Dr. D. Fr. Justo Santa María de Oro, obispo titular Thaumacense impugnada por el provisor sede vacante de Córdova y algunos de sus capitulares solicitando se suspenda su ejecución 
250 |a 1a. ed 
300 |a pág. irreg 
942 |c BK 
945 |d 20070124 00:00:00  |a rinostro 
260 |a Santiago  |b Imprenta de La Opinión  |c 1830 
500 |a Este volumen contiene 7 documentos aparecidos entre 1830 y 1831, todos relacionados con el litigio Estado-Iglesia 
600 0 7 |a ELIZONDO, DIEGO ANTONIO  |2 CL-VaPUC  |9 506240 
600 0 7 |a EIZAGUIRRE, JOSE ALEJO  |2 CL-VaPUC  |9 506241 
600 0 7 |a ALBANO, CASIMIRO  |2 CL-VaPUC  |9 506242 
600 0 7 |a GORMAZ, DIEGO  |2 CL-VaPUC  |9 506243 
600 0 7 |a IZQUIERDO, DOMINGO ANTONIO  |2 CL-VaPUC  |9 506244 
600 0 7 |a GARRO, JOSE JAVIER  |2 CL-VaPUC  |9 506245 
600 0 7 |a MENESES, JOSE GREGORIO  |2 CL-VaPUC  |9 506246 
600 0 7 |a ESPINOSA, JOSE  |2 CL-VaPUC  |9 506247 
600 0 7 |a LARRAGUIBEL, PEDRO NOLASCO  |2 CL-VaPUC  |9 506248 
600 0 7 |a TAGLE, AMBROSIO  |2 CL-VaPUC  |9 506249 
600 0 7 |a ALDUNATE, VICENTE  |2 CL-VaPUC  |9 506250 
650 0 |a Iglesia Católica  |9 256114 
650 0 |a Documentos pontificios   |9 255642 
650 7 |a DERECHO CANONICO  |2 CL-VaPUC  |9 506251 
650 7 |a DISPUTAS ECLESIASTICAS  |2 CL-VaPUC  |9 506252 
650 7 |a ESTADO E IGLESIA  |2 CL-VaPUC  |9 404427 
583 |a last modification  |c 20070124 00:00:00  |k Rodrigo Vera 
999 |c 319949  |d 319947 
952 |0 0  |1 0  |4 0  |6 983_000000000000000_VIC_1830  |7 0  |8 X  |9 398359  |a FDOBUD  |b FDOBUD  |d 2019-11-22  |i 1008773  |o 983 VIC 1830  |p 1008773  |r 2019-11-22  |w 2019-11-22  |y BK_X  |k BUD